Doing business with India.
| Format: | Book |
|---|---|
| Published: |
London:
GMB Publishing LTD,
2009.
|
| Edition: | 3rd ed. |
| Subjects: |
| LEADER | 00542cam a2200193 7i4500 | ||
|---|---|---|---|
| 001 | 0000023546 | ||
| 005 | 20201006090000.0 | ||
| 020 | # | # | |a 13978-1-84673-113-6 |
| 090 | 0 | 0 | |a INDA 338.7 |b DOI |
| 245 | 0 | 0 | |a Doing business with India. |
| 250 | 0 | 0 | |a 3rd ed. |
| 260 | 0 | 0 | |a London: |b GMB Publishing LTD, |c 2009. |
| 300 | # | # | |a 354 p. |
| 650 | 0 | 0 | |a Business -- |z India |
| 650 | 0 | 0 | |a Taxation -- |z India |
| 650 | 0 | 0 | |a Doing business -- |z India |
| 650 | 0 | 0 | |a Law and legislation |
| 651 | 0 | 0 | |a India |
| 999 | |a B000025292 |b Book |c Countries |e Business Information Centre | ||